[Event "44th Sparkassen Open"]
[Site "Dortmund GER"]
[Date "2016.07.12"]
[Round "4.6"]
[White "Zatonskih, V."]
[Black "Rott, Georg"]
[Result "1-0"]
[WhiteTitle "FM"]
[WhiteElo "2329"]
[BlackElo "2139"]
[WhiteFideId "14102161"]
[BlackFideId "4633393"]
[EventDate "2016.07.09"]

1. e4 e6 2. d4 d5 3. Nd2 Nf6 4. e5 Nfd7 5. Bd3 c5 6. c3 Nc6 7. Ngf3 cxd4 8. cxd4
Bb4 9. O-O Bxd2 10. Bxd2 h6 11. Rc1 Nf8 12. b4 a6 13. a4 Ng6 14. g3 O-O 15. h4
f5 16. b5 axb5 17. axb5 Na5 18. Bb4 Re8 19. Nd2 Bd7 20. Qc2 Nxh4 21. gxh4 Qxh4
22. Be2 Qg5+ 23. Kh1 Qh4+ 24. Kg2 Qxd4 25. Qc3 Qf4 26. Bxa5 d4 27. Qg3 Qxg3+ 28.
Kxg3 Rxa5 29. Ra1 Rea8 30. Nb3 Ra3 31. Bc4 Rxa1 32. Rxa1 Rc8 33. Rc1 d3 34. Bxd3
Rd8 35. Bc4 Kf7 36. Rd1 b6 37. Rd6 Ke7 38. Nd4 Ra8 39. Bxe6 Ra3+ 40. Kg2 1-0

[Event "44th Sparkassen Open"]
[Site "Dortmund GER"]
[Date "2016.07.12"]
[Round "4.7"]
[White "Pajeken, Wolfgang"]
[Black "Eckardt, Joshua"]
[Result "1-0"]
[WhiteTitle "FM"]
[WhiteElo "2289"]
[BlackElo "2133"]
[WhiteFideId "4622170"]
[BlackFideId "12941646"]
[EventDate "2016.07.09"]

1. Nf3 Nf6 2. c4 c5 3. Nc3 d5 4. cxd5 Nxd5 5. e4 Nb4 6. Bc4 Nd3+ 7. Ke2 Nf4+ 8.
Kf1 Nd3 9. Ng5 e6 10. Nxf7 Qd4 11. Bb5+ Nc6 12. Qf3 Qxf2+ 13. Qxf2 Nxf2 14. Nxh8
Nxh1 15. Kg1 Bd7 16. d3 Nf2 17. Kxf2 Bd6 18. Be3 O-O-O 19. Ng6 hxg6 20. h3 b6
21. a3 Be5 22. Ke2 Rf8 23. Rf1 Rxf1 24. Kxf1 Kb7 25. Kf2 a6 26. Ba4 b5 27. Bd1
Nd4 28. Bc1 Kb6 29. Ne2 Nxe2 30. Bxe2 Bd4+ 31. Ke1 a5 32. Kd1 b4 33. Kc2 e5 34.
Bg5 Kb5 35. Kb1 Be6 36. Bd8 a4 37. Be7 b3 38. Bf8 c4 39. dxc4+ Bxc4 40. Bf3 Bd3+
41. Ka1 Kc4 42. Bxg7 Bc2 43. Be2+ Bd3 44. Bf3 Bf1 45. h4 Kd3 46. Kb1 Be2 47.
Bxe2+ Kxe2 48. g4 Kf3 49. h5 gxh5 50. gxh5 Be3 51. h6 Bxh6 52. Bxh6 Kxe4 53. Kc1
Kd3 54. Kd1 e4 55. Ke1 Kc2 56. Bg7 Kd3 57. Kd1 Ke3 58. Bh6+ Kd3 59. Bg5 e3 60.
Ke1 e2 61. Bf6 Ke3 62. Bc3 Kf3 63. Bf6 1-0

[Event "44th Sparkassen Open"]
[Site "Dortmund GER"]
[Date "2016.07.12"]
[Round "4.8"]
[White "Hecht, Carsten"]
[Black "Meyers, Mark"]
[Result "1-0"]
[WhiteElo "2242"]
[BlackElo "2074"]
[WhiteFideId "24693928"]
[BlackFideId "12927716"]
[EventDate "2016.07.09"]

1. e4 c5 2. Nf3 e6 3. d4 cxd4 4. Nxd4 Nf6 5. Bd3 Nc6 6. Nxc6 bxc6 7. c4 d5 8.
Nc3 Bb4 9. exd5 Bxc3+ 10. bxc3 cxd5 11. Ba3 Qa5 12. Bb4 Qc7 13. O-O dxc4 14. Bc2
Nd5 15. Qd4 Bd7 16. Be4 O-O-O 17. Bxd5 exd5 18. Qxd5 Be6 19. Qa8+ Qb8 20. Qc6+
Qc7 21. Qxc7+ Kxc7 22. Ba5+ Kc6 23. Bxd8 Rxd8 24. Rfd1 Rd3 25. Rxd3 cxd3 26. Kf1
Kb5 27. Ke1 Ka4 28. Kd2 Bc4 29. Re1 Ka3 30. Re5 a6 31. Rc5 Bxa2 32. Ra5+ Kb2 33.
Rxa6 Bc4 34. Rb6+ Ka3 35. g3 g6 36. Rb4 Ba6 37. Rf4 f5 38. Rh4 h5 39. Rd4 Bb5
40. Rd6 1-0

[Event "44th Sparkassen Open"]
[Site "Dortmund GER"]
[Date "2016.07.12"]
[Round "4.9"]
[White "Wickenfeld, Stefan"]
[Black "Schulze, Marc"]
[Result "0-1"]
[WhiteElo "2231"]
[BlackElo "2099"]
[WhiteFideId "4622790"]
[BlackFideId "1271126"]
[EventDate "2016.07.09"]

1. d4 Nf6 2. Bg5 Ne4 3. Bf4 c6 4. e3 d5 5. Bd3 Nd6 6. Nd2 g6 7. Ngf3 Bg7 8. O-O
O-O 9. c4 Nxc4 10. Nxc4 dxc4 11. Bxc4 Bg4 12. h3 Bxf3 13. Qxf3 Nd7 14. Qg3 Qa5
15. Rab1 e5 16. dxe5 Bxe5 17. Rfd1 Bxf4 18. exf4 Nf6 19. b4 Qc7 20. Qh4 Kg7 21.
f5 Rad8 22. Bb3 Rxd1+ 23. Rxd1 Qe5 24. fxg6 hxg6 25. Qc4 a5 26. Rf1 axb4 27.
Qxb4 Qc7 28. f4 b5 29. Qc5 Rd8 30. f5 Qd6 31. Qc1 Qd4+ 32. Kh1 Ne4 33. Rf4 Nf2+
34. Kh2 Qe5 35. g3 Nd3 36. f6+ Kg8 37. Qd2 Rd6 38. Rf1 c5 39. Bc2 Nb4 40. Qf2
Qc3 41. Bxg6 Rd2 0-1

[Event "44th Sparkassen Open"]
[Site "Dortmund GER"]
[Date "2016.07.12"]
[Round "4.10"]
[White "Torres-Kuckel, Rafael"]
[Black "Winkel, Peter"]
[Result "1/2-1/2"]
[WhiteTitle "FM"]
[WhiteElo "2191"]
[BlackElo "2038"]
[WhiteFideId "4625072"]
[BlackFideId "12954756"]
[EventDate "2016.07.09"]

1. e4 e5 2. Nf3 Nc6 3. d4 exd4 4. Bc4 Bc5 5. c3 Nf6 6. O-O dxc3 7. Nxc3 d6 8.
Bg5 Be6 9. Nd5 Bxd5 10. exd5 Ne5 11. Re1 O-O 12. Nxe5 dxe5 13. Rxe5 Qd6 14. Rf5
Ne4 15. Bh4 Qb6 16. Bb3 Rae8 17. Ba4 Nd6 18. Rf4 Re4 19. Rxe4 Nxe4 20. Qc2 f5
21. Bd7 Qh6 22. Be6+ Kh8 23. b4 1/2-1/2

[Event "44th Sparkassen Open"]
[Site "Dortmund GER"]
[Date "2016.07.12"]
[Round "4.11"]
[White "Koellner, Christof"]
[Black "Wiebe, Patrick"]
[Result "0-1"]
[WhiteElo "2133"]
[BlackElo "2187"]
[WhiteFideId "4635787"]
[BlackFideId "4684079"]
[EventDate "2016.07.09"]

1. Nf3 d5 2. c4 c6 3. e3 Nf6 4. d4 Bf5 5. Bd3 Bxd3 6. Qxd3 e6 7. Nc3 Bb4 8. O-O
O-O 9. Bd2 Nbd7 10. a3 Bxc3 11. Bxc3 Ne4 12. Ne5 Nxe5 13. dxe5 Qc7 14. f4 g6 15.
Be1 b5 16. cxb5 cxb5 17. Bh4 Qc4 18. Qd1 Rfc8 19. Rc1 Qa2 20. Qd4 Rc4 21. Rxc4
Qxc4 22. Be7 a5 23. Qxc4 bxc4 24. Rc1 Rb8 25. Rc2 Rb3 26. Bd8 c3 27. Bf6 h6 28.
g3 Nxf6 29. bxc3 Ng4 30. c4 Nxe3 0-1

[Event "44th Sparkassen Open"]
[Site "Dortmund GER"]
[Date "2016.07.12"]
[Round "4.12"]
[White "Ciornei, Dragos"]
[Black "Korten, Lando"]
[Result "1/2-1/2"]
[WhiteElo "2183"]
[BlackElo "2000"]
[WhiteFideId "4619200"]
[BlackFideId "12989606"]
[EventDate "2016.07.09"]

1. e4 c5 2. Nf3 d6 3. d4 cxd4 4. Nxd4 Nf6 5. Nc3 a6 6. Be3 e5 7. Nf3 Be6 8. Ng5
Bg4 9. f3 Bh5 10. Bc4 Nbd7 11. Nd5 Be7 12. Nxe7 Qxe7 13. Qd2 Rc8 14. Bb3 Nc5 15.
O-O-O Nxb3+ 16. axb3 Rc6 17. Qb4 O-O 18. g4 Bg6 19. h4 h6 20. h5 Bh7 21. Nxh7
Nxh7 22. Kb1 Rfc8 23. c4 Nf8 24. Rd5 Ne6 25. Qd2 Qc7 26. Rd1 Rd8 27. g5 hxg5 28.
Bxg5 f6 29. Be3 b6 30. Qg2 Qf7 31. Qg4 Nf8 32. Rg1 Qd7 33. Qh4 Qe6 34. Qg3 Rd7
35. Bh6 Rcc7 36. Be3 Rc6 1/2-1/2

[Event "44th Sparkassen Open"]
[Site "Dortmund GER"]
[Date "2016.07.12"]
[Round "4.13"]
[White "Borchert, Louis"]
[Black "Stein, Robert"]
[Result "0-1"]
[WhiteElo "1878"]
[BlackElo "2169"]
[WhiteFideId "12990680"]
[BlackFideId "12921084"]
[EventDate "2016.07.09"]

1. e4 c5 2. c3 g6 3. d4 cxd4 4. cxd4 d5 5. exd5 Nf6 6. Bc4 Bg7 7. Nc3 O-O 8. Nf3
Nbd7 9. d6 exd6 10. O-O Nb6 11. Bb3 Bf5 12. Re1 Qd7 13. Bf4 Rae8 14. Qd2 Ne4 15.
Nxe4 Bxe4 16. Ng5 Bd5 17. Bxd5 Nxd5 18. Bg3 Ne7 19. Nf3 Nf5 20. Bf4 Rxe1+ 21.
Rxe1 h5 22. Qb4 Rc8 23. Bd2 b5 24. Rc1 Re8 25. Qc3 Qb7 26. Be3 Nxe3 27. fxe3 Bh6
28. Re1 Qe4 29. Kf2 b4 30. Qd2 g5 31. Re2 Qf5 32. Kg1 g4 33. Ne1 h4 34. Qc2 Qd5
35. e4 Qxd4+ 36. Kh1 Qf6 37. Rf2 Qe6 38. Qc7 Be3 39. Rf5 Bd2 40. Nd3 h3 41. Nf4
Qxf5 0-1

[Event "44th Sparkassen Open"]
[Site "Dortmund GER"]
[Date "2016.07.12"]
[Round "4.14"]
[White "Partzsch, Lukas"]
[Black "Savchenko, Daniel"]
[Result "1-0"]
[WhiteElo "2167"]
[BlackElo "1942"]
[WhiteFideId "12934852"]
[BlackFideId "12919195"]
[EventDate "2016.07.09"]

1. d4 Nf6 2. Nf3 e6 3. g3 b5 4. Bg2 Bb7 5. O-O c5 6. Be3 Qb6 7. Nbd2 d5 8. c3
Nbd7 9. a4 Bc6 10. dxc5 Bxc5 11. Bxc5 Qxc5 12. b4 Qb6 13. Nd4 O-O 14. axb5 Bxb5
15. Nxb5 Qxb5 16. Ra5 Qb6 17. Qb3 Rac8 18. Rfa1 Ng4 19. e3 Nxe3 20. Ra6 Qb5 21.
fxe3 Qd3 22. Nf1 Rxc3 23. Qd1 Qf5 24. e4 Qf6 25. exd5 Ne5 26. R6a2 Nd3 27. Qd2
exd5 28. Bxd5 Re8 29. Kh1 Qd4 30. Bg2 g6 31. h3 Qxb4 32. Rxa7 Qc5 33. Ra8 Nf2+
34. Kh2 Rxa8 35. Rxa8+ Kg7 36. Ra2 Nd3 37. Qe3 Qd6 38. Qd2 f5 39. Kg1 Ra3 40.
Bf3 Qd7 41. Be2 1-0

[Event "44th Sparkassen Open"]
[Site "Dortmund GER"]
[Date "2016.07.12"]
[Round "4.15"]
[White "Brockhaus, Philip"]
[Black "Liard, Thibaud"]
[Result "1/2-1/2"]
[WhiteElo "1881"]
[BlackElo "2183"]
[WhiteFideId "12954721"]
[BlackFideId "649775"]
[EventDate "2016.07.09"]

1. d4 Nf6 2. Nf3 g6 3. Nbd2 Bg7 4. e4 d6 5. Bc4 O-O 6. Bb3 Nc6 7. Qe2 e5 8. dxe5
dxe5 9. c3 Qe7 10. O-O h6 11. Re1 Nh5 12. Nc4 Nd8 13. Be3 Bg4 14. h3 Bd7 15.
Rad1 Bc6 16. Qc2 a5 17. a4 b6 18. Na3 Qe8 19. Nb5 Bxb5 20. axb5 Qxb5 21. Rd5 Qe8
22. Ba4 Qe6 23. Red1 Rb8 24. Rd7 b5 25. Bc5 Nf6 26. Bb3 Nxd7 27. Bxe6 Nxc5 28.
Ba2 Nce6 29. g3 b4 30. Rd5 Nc6 31. Bb3 Ra8 32. Ba4 Ne7 33. Rd7 Nc8 34. Bc6 Nb6
35. Bxa8 Nxd7 36. Bd5 Ndc5 37. cxb4 axb4 38. Qc4 Rb8 39. Kg2 Rb6 40. Ne1 c6 41.
Bxe6 Nxe6 42. Nd3 b3 43. Nc5 Nd4 44. h4 h5 45. Kf1 Rb8 46. Nd7 Ra8 47. Nc5 Rb8
48. Na6 Rb5 49. Nb4 Bf8 50. Nd3 Bd6 51. f4 Bc7 52. Nxe5 Bxe5 53. fxe5 c5 54. Kf2
Ra5 55. Qc3 Ra2 56. Kf1 Ra1+ 57. Kg2 Rb1 58. Kf2 Kg7 59. Kg2 Rg1+ 60. Kf2 Rb1 1/2-1/2

[Event "44th Sparkassen Open"]
[Site "Dortmund GER"]
[Date "2016.07.12"]
[Round "4.16"]
[White "Boehm, Juergen2"]
[Black "Schmitz, Edgar"]
[Result "1/2-1/2"]
[WhiteElo "2176"]
[BlackElo "1981"]
[WhiteFideId "4606434"]
[BlackFideId "24675270"]
[EventDate "2016.07.09"]

1. d4 Nf6 2. Bg5 Ne4 3. Bf4 d5 4. e3 e6 5. Bd3 Bd6 6. Bxe4 Bxf4 7. exf4 dxe4 8.
Nc3 Nc6 9. Nge2 f5 10. Qd2 Ne7 11. O-O-O Nd5 12. Nxd5 exd5 13. Kb1 1/2-1/2

[Event "44th Sparkassen Open"]
[Site "Dortmund GER"]
[Date "2016.07.12"]
[Round "4.17"]
[White "Pollmueller, Michael"]
[Black "Austrup, David"]
[Result "1-0"]
[WhiteElo "2076"]
[BlackElo "2001"]
[WhiteFideId "16208749"]
[BlackFideId "12996890"]
[EventDate "2016.07.09"]

1. d4 Nf6 2. Nf3 g6 3. c4 Bg7 4. g3 O-O 5. Bg2 d6 6. O-O a6 7. Nc3 Nc6 8. Bf4
Rb8 9. Rc1 Na5 10. Nd5 Nc6 11. Qd2 Na7 12. Rfd1 Bf5 13. Nc3 b5 14. Nd5 Be4 15.
Nxf6+ Bxf6 16. b3 Rc8 17. Qe3 Ba8 18. Bh3 Rb8 19. d5 c5 20. dxc6 Nxc6 21. c5 d5
22. Bxb8 Qxb8 23. Rxd5 Qb7 24. Rdd1 Nb4 25. Qd2 Qe4 26. Bg2 e6 27. Ne1 Qg4 28.
h3 1-0

[Event "44th Sparkassen Open"]
[Site "Dortmund GER"]
[Date "2016.07.12"]
[Round "4.18"]
[White "Lewin, Tammo"]
[Black "von Bargen, Lukas"]
[Result "1-0"]
[WhiteElo "2041"]
[BlackElo "1964"]
[WhiteFideId "4668596"]
[BlackFideId "12946141"]
[EventDate "2016.07.09"]

1. d4 f5 2. g3 Nf6 3. Bg2 g6 4. Nh3 Bg7 5. Nf4 O-O 6. h4 d6 7. h5 e5 8. hxg6
exf4 9. gxh7+ Kh8 10. Bxf4 Nc6 11. Nc3 Qe7 12. e3 Bd7 13. Ne2 Ng4 14. c3 Rab8
15. Qd2 b5 16. f3 Nf6 17. Bg5 Qf7 18. Nf4 Nd5 19. Nh5 Rfe8 20. O-O-O b4 21. c4
b3 22. axb3 Ndb4 23. Kb1 Na5 24. e4 fxe4 25. Qf4 Qg6 26. fxe4 Rf8 27. Qh4 d5 28.
Nxg7 1-0

[Event "44th Sparkassen Open"]
[Site "Dortmund GER"]
[Date "2016.07.12"]
[Round "4.19"]
[White "Knudsen, Martin"]
[Black "Schuelke, Tilman"]
[Result "1/2-1/2"]
[WhiteElo "2018"]
[BlackElo "1923"]
[WhiteFideId "1406523"]
[BlackFideId "4647475"]
[EventDate "2016.07.09"]

1. Nf3 d5 2. d4 c6 3. e3 Bg4 4. Nbd2 Nd7 5. Be2 e6 6. c4 Bd6 7. e4 dxe4 8. Nxe4
Bb4+ 9. Bd2 Be7 10. h3 Bh5 11. Bc3 Ngf6 12. Ng3 Bxf3 13. Bxf3 Nb6 14. Qb3 Qd7
15. Rd1 O-O 16. a4 Nc8 17. O-O Rd8 18. Rd2 Nd6 19. Rfd1 Qc7 20. a5 a6 21. Bb4
Rab8 22. Qc3 Nc8 23. Bxe7 Nxe7 24. Ne4 Nxe4 25. Bxe4 Qf4 26. Bf3 Rd7 27. Qe3 Qf6
28. Be4 Rbd8 29. b4 Nf5 30. Bxf5 Qxf5 31. Kf1 h6 32. Ke2 Qf6 33. Qe4 Qe7 34. c5
Rd5 35. f4 Qh4 36. Rd3 Qf6 37. g4 g6 38. Qe3 Kg7 39. R1d2 Re8 40. Kd1 g5 41. Rf2
Red8 42. fxg5 Qxg5 43. Ke2 Qg6 44. Rf4 R8d7 45. Re4 Qf6 46. Rf4 Qd8 47. Re4 Qg5
48. Kf3 Qh4 49. Kg2 Qd8 50. Kf3 e5 51. Rxe5 Rxd4 52. Rxd4 Rxd4 53. Qe1 Rd3+ 54.
Re3 Qd5+ 55. Kf2 Rd2+ 56. Re2 Qd4+ 57. Kf3 Rd1 58. Qf2 Qxb4 59. Qe3 Qd4 60.
Qxd4+ Rxd4 61. Rb2 Rc4 62. Rxb7 Rxc5 63. Rb6 Rxa5 64. Rxc6 Ra4 65. Rb6 a5 66.
Ra6 Ra1 67. Kg3 Ra3+ 68. Kf4 a4 69. Ra5 Ra1 70. Kg3 a3 71. Kh4 Kg6 72. Ra6+ Kg7
73. Ra8 Ra2 74. Ra6 f6 75. Ra7+ Kg6 76. Ra6 Kf7 77. Ra7+ Kg6 78. Ra6 Kf7 1/2-1/2

[Event "44th Sparkassen Open"]
[Site "Dortmund GER"]
[Date "2016.07.12"]
[Round "4.20"]
[White "Heinert, Eugen"]
[Black "Wastian, Jan"]
[Result "1-0"]
[WhiteElo "2171"]
[BlackElo "1877"]
[WhiteFideId "24621390"]
[BlackFideId "12911640"]
[EventDate "2016.07.09"]

1. Nf3 d5 2. c4 c6 3. g3 Nf6 4. Bg2 Bf5 5. cxd5 cxd5 6. Qb3 Qc8 7. Nc3 e6 8. d3
Nc6 9. Bf4 Nh5 10. Be3 Bd6 11. O-O O-O 12. Rfc1 Qd7 13. Nb5 Be7 14. Nfd4 Bg6 15.
Nxc6 bxc6 16. Na3 Rab8 17. Qc3 Rfc8 18. Rc2 c5 19. Qa5 c4 20. Rac1 cxd3 21. Qxa7
Qe8 22. Rxc8 Rxc8 23. Rxc8 Qxc8 24. Qxe7 dxe2 25. Qb4 d4 26. Bd2 h6 27. Nc4 Nf6
28. Ne5 Bf5 29. Qc4 Qb8 30. Qxd4 Qb5 31. Bc6 e1=Q+ 32. Bxe1 Qe2 33. Bc3 Ng4 34.
Nxg4 1-0

[Event "44th Sparkassen Open"]
[Site "Dortmund GER"]
[Date "2016.07.12"]
[Round "4.21"]
[White "Kueppers, Timo"]
[Black "Voicu-Jagodzinsky, Carmen"]
[Result "1/2-1/2"]
[BlackTitle "WGM"]
[WhiteElo "1967"]
[BlackElo "2263"]
[WhiteFideId "16205820"]
[BlackFideId "1206729"]
[EventDate "2016.07.09"]

1. e4 c5 2. Nf3 e6 3. d4 cxd4 4. Nxd4 Nf6 5. Nc3 d6 6. g4 h6 7. h4 Nc6 8. Rg1 d5
9. Bb5 Bd7 10. exd5 Nxd5 11. Nxd5 exd5 12. Be3 Be7 13. Qd2 a6 14. Bxc6 bxc6 15.
O-O-O Rb8 16. Rde1 c5 17. Nf5 Bxf5 18. gxf5 Qb6 19. c3 Kf8 20. Bf4 Bd6 21. f6 g6
22. Bxh6+ Kg8 23. b3 d4 24. h5 Qa5 25. hxg6 Qxc3+ 26. Qxc3 dxc3 27. Bg7 Rh2 28.
gxf7+ Kxf7 29. Re2 c4 30. Kc2 cxb3+ 31. axb3 Bb4 32. Rg4 a5 33. Rd4 Rb7 34. Rd5
Rc7 35. Rd3 Rh1 36. Rd1 Rh2 37. Rd3 Rh1 38. Rd1 Rh2 39. Rd3 Rh1 40. Rd1 1/2-1/2

[Event "44th Sparkassen Open"]
[Site "Dortmund GER"]
[Date "2016.07.12"]
[Round "4.22"]
[White "Phunhon Lopez, Daniel Alejandro"]
[Black "Kruse, Janik"]
[Result "0-1"]
[WhiteElo "1958"]
[BlackElo "2153"]
[WhiteFideId "12952567"]
[BlackFideId "16200250"]
[EventDate "2016.07.09"]

1. e4 e5 2. Nc3 Nc6 3. Nf3 Nf6 4. d4 exd4 5. Nxd4 Bb4 6. Nxc6 bxc6 7. Bd3 d5 8.
exd5 cxd5 9. O-O O-O 10. Bg5 c6 11. Qf3 Be7 12. h3 Rb8 13. b3 h6 14. Bh4 Rb4 15.
Bg3 Bd6 16. a3 Rb7 17. Ne2 Re8 18. Nd4 c5 19. Nb5 Bxg3 20. Qxg3 Re6 21. Rfe1
Rxe1+ 22. Rxe1 Rxb5 23. Bxb5 Qa5 24. Re7 Qxb5 25. Rxa7 Be6 26. a4 Qb4 27. Ra8+
Kh7 28. Qd3+ Ne4 29. a5 Qe1+ 30. Qf1 Qd2 31. a6 d4 32. a7 Bd5 33. Rd8 Bc6 34.
a8=Q Bxa8 35. Rxa8 Qxc2 36. Qe1 f5 37. f3 d3 38. Rd8 Qe2 39. Qf1 Qe3+ 40. Kh2
Nd6 41. Kh1 Qd4 42. g4 d2 43. Qd1 Qe3 0-1

[Event "44th Sparkassen Open"]
[Site "Dortmund GER"]
[Date "2016.07.12"]
[Round "4.23"]
[White "Althoff, Ralph"]
[Black "Heldt, Maximilian"]
[Result "0-1"]
[WhiteElo "2122"]
[BlackElo "1975"]
[WhiteFideId "4623177"]
[BlackFideId "12952346"]
[EventDate "2016.07.09"]

1. e4 c5 2. Nf3 Nc6 3. Nc3 e6 4. d4 cxd4 5. Nxd4 Nf6 6. Ndb5 Bb4 7. Nd6+ Ke7 8.
Nxc8+ Rxc8 9. Bd3 Re8 10. O-O Kf8 11. f4 e5 12. Nd5 Nxd5 13. exd5 e4 14. dxc6
exd3 15. Qxd3 Rxc6 16. Kh1 Kg8 17. Be3 a6 18. Rad1 Qc7 19. c3 Rd6 20. Bd4 Bc5
21. Rfe1 Qc8 22. Qf3 Bxd4 23. cxd4 Rxd4 24. Rc1 Rc4 25. Rcd1 Rxe1+ 26. Rxe1 h6
27. h3 Rc1 28. Qe3 Rc2 29. Qd4 Qc6 30. Re8+ Kh7 31. Qd3+ Qg6 32. Qf3 Rxb2 33. f5
Rb1+ 34. Kh2 Qd6+ 35. g3 Rb2+ 36. Re2 0-1

[Event "44th Sparkassen Open"]
[Site "Dortmund GER"]
[Date "2016.07.12"]
[Round "4.24"]
[White "Tayyar, Alptug"]
[Black "Oezen, Alf"]
[Result "1/2-1/2"]
[WhiteElo "2037"]
[BlackElo "1970"]
[WhiteFideId "12993450"]
[BlackFideId "12985430"]
[EventDate "2016.07.09"]

1. e4 c5 2. Nf3 d6 3. d4 cxd4 4. Nxd4 Nf6 5. Nc3 a6 6. Be3 Qc7 7. f3 e6 8. Qd2
Nbd7 9. g4 Ne5 10. g5 Nfd7 11. f4 Nc4 12. Bxc4 Qxc4 13. O-O-O b5 14. b3 Qc7 15.
f5 b4 16. Na4 e5 17. Nf3 a5 18. g6 hxg6 19. fxg6 Nf6 20. Bb6 Qd7 21. Rhg1 Bb7
22. Qg2 Rh5 23. Nc5 Qc6 24. gxf7+ Ke7 25. Nxb7 Qxb7 26. Bf2 a4 27. Bh4 Qxe4 28.
Rge1 Qf4+ 29. Kb1 axb3 30. axb3 e4 31. Bxf6+ Kxf6 32. Qd2 Qxd2 33. Nxd2 d5 34.
Nf1 Kxf7 35. Ne3 Ke6 36. Rf1 Be7 37. Ng2 Bf6 38. c3 Rxh2 39. Nf4+ Kf7 40. Nxd5
bxc3 41. Nxc3 Ke6 42. Na4 Ra5 43. Rde1 Re5 44. b4 e3 45. Nc5+ Kd6 46. Rf3 Bg5
47. Nd3 Re4 48. Rg3 Bh6 49. Rg6+ Kc7 50. b5 e2 51. Kc2 Rh5 52. b6+ Kb8 53. Rd6
Rb5 54. Nf2 Re7 55. Kd3 Kb7 56. Ne4 Rxb6 1/2-1/2

[Event "44th Sparkassen Open"]
[Site "Dortmund GER"]
[Date "2016.07.12"]
[Round "4.25"]
[White "Klueting, Reiner"]
[Black "Huhs, Sven"]
[Result "1-0"]
[WhiteElo "1907"]
[BlackElo "2034"]
[WhiteFideId "4644760"]
[BlackFideId "24669130"]
[EventDate "2016.07.09"]

1. d4 Nf6 2. c4 g6 3. Nc3 d5 4. Nf3 Bg7 5. Bf4 O-O 6. Rc1 c5 7. dxc5 Qa5 8. cxd5
Rd8 9. Bd2 Qxc5 10. e4 Ng4 11. Qe2 Na6 12. Nb5 Qb6 13. Bc3 Bd7 14. a4 Rac8 15.
h3 Bxc3+ 16. Rxc3 Nf6 17. Qe3 Rxc3 18. Qxb6 Rc1+ 19. Kd2 Nxe4+ 20. Kxc1 axb6 21.
Bc4 Rc8 22. b3 Nb4 23. Kb2 Bxb5 24. axb5 Nxf2 25. Rf1 Ne4 26. Ne5 Nd2 27. Rd1
Ne4 28. Nd7 Rd8 29. Nxb6 Rd6 30. Rd4 Nxd5 31. Nxd5 e6 32. Rxe4 exd5 33. Rd4 Re6
34. Bxd5 1-0

[Event "44th Sparkassen Open"]
[Site "Dortmund GER"]
[Date "2016.07.12"]
[Round "4.26"]
[White "Schimnatkowski, Lukas"]
[Black "Stemmler, Fabian"]
[Result "0-1"]
[WhiteElo "2030"]
[BlackElo "1931"]
[WhiteFideId "12936723"]
[BlackFideId "12964808"]
[EventDate "2016.07.09"]

1. Nf3 f5 2. g3 Nf6 3. Bg2 d6 4. d4 e6 5. c4 Be7 6. Nc3 O-O 7. O-O a5 8. Qc2 Nc6
9. Rd1 Qe8 10. a3 e5 11. d5 Nb8 12. Bd2 Na6 13. Be1 Qh5 14. Nb5 b6 15. b4 f4 16.
c5 bxc5 17. bxc5 Nxc5 18. Nxc7 Bf5 19. Qa2 Rac8 20. Bxa5 Bd8 21. Ne6 Bxa5 22.
Nxf8 Rxf8 23. Rac1 Nce4 24. Rc6 Nc3 25. Qd2 Nfe4 26. Qe1 Nxd1 27. Qxd1 Rb8 28.
Rc1 Nc3 29. Qd2 Rc8 30. Re1 Bb6 31. Qb2 Bc5 32. Qb7 Ne4 33. e3 fxe3 34. fxe3 Qh6
35. Qb3 Bg4 36. Nxe5 Bxe3+ 37. Rxe3 Rc1+ 38. Bf1 Rxf1+ 39. Kxf1 Nd2+ 40. Kf2
Nxb3 41. Nxg4 Qg6 42. Rxb3 Qc2+ 0-1

[Event "44th Sparkassen Open"]
[Site "Dortmund GER"]
[Date "2016.07.12"]
[Round "4.27"]
[White "Kuechle, Wolfgang"]
[Black "Kiehn, Andreas"]
[Result "1/2-1/2"]
[WhiteElo "2030"]
[BlackElo "1926"]
[WhiteFideId "24628581"]
[BlackFideId "12922250"]
[EventDate "2016.07.09"]

1. c4 Nf6 2. g3 c5 3. Bg2 Nc6 4. Nc3 g6 5. e3 e6 6. Nge2 Bg7 7. O-O O-O 8. d4 d6
9. d5 exd5 10. cxd5 Nb4 11. e4 Ne8 12. Nf4 Na6 13. Be3 Nec7 14. Qd2 1/2-1/2

[Event "44th Sparkassen Open"]
[Site "Dortmund GER"]
[Date "2016.07.12"]
[Round "4.29"]
[White "Garbuz, Vitaliy"]
[Black "Dette, Jan"]
[Result "0-1"]
[WhiteElo "1907"]
[BlackElo "2015"]
[WhiteFideId "12990710"]
[BlackFideId "12936677"]
[EventDate "2016.07.09"]

1. e4 e5 2. Nf3 Nc6 3. Bc4 Nf6 4. d4 exd4 5. e5 d5 6. Bb5 Ne4 7. Nxd4 Bd7 8.
Bxc6 bxc6 9. O-O Bc5 10. f3 Ng5 11. f4 Ne4 12. Be3 Qb8 13. Nd2 Qxb2 14. Nxe4
dxe4 15. Qd2 Bb4 16. Qe2 Qc3 17. Rab1 Bg4 18. Qf2 Be6 19. Nxe6 fxe6 20. Rfd1 c5
21. Rb3 Qc4 22. a3 Ba5 23. Bxc5 Bb6 24. Bxb6 axb6 25. Qd2 Qc5+ 26. Kh1 O-O 27.
g3 Rxa3 28. Qd7 Ra2 29. Qxe6+ Kh8 30. Rc3 Qxc3 31. Qxa2 Qf3+ 0-1

[Event "44th Sparkassen Open"]
[Site "Dortmund GER"]
[Date "2016.07.12"]
[Round "4.30"]
[White "Knudsen, Simon"]
[Black "Sicars, Thorsten"]
[Result "1-0"]
[WhiteElo "1873"]
[BlackElo "2066"]
[WhiteFideId "12985546"]
[BlackFideId "12904090"]
[EventDate "2016.07.09"]

1. e4 c6 2. d4 d5 3. e5 c5 4. dxc5 Nc6 5. Nf3 Bg4 6. c3 e6 7. Be3 Nge7 8. Nbd2
Nf5 9. Bd4 Be7 10. Qa4 O-O 11. Bd3 Nfxd4 12. cxd4 f6 13. O-O fxe5 14. dxe5 Bf5
15. Bb5 Bxc5 16. Bxc6 bxc6 17. Rac1 Qb6 18. Nb3 Be7 19. Rxc6 Qd8 20. Nfd4 Qd7
21. Qa6 Be4 22. f3 Bg6 23. Nxe6 Rf7 24. Rfc1 h6 25. Rc7 1-0